[Event "Druzynowe Mistrzostwa Polski Juniorow - I liga"]
[Site "Suchedniow"]
[Date "1899-12-30"]
[Round "3.17"]
[White "Kalinowska, Karolina"]
[Black "Swiech, Joanna"]
[Result "0-1"]
[WhiteTitle "I"]
[BlackTitle "k"]
[WhiteElo "1544"]
[BlackElo "1888"]

1. e4 c6 2. d4 d5 3. Nc3 dxe4 4. Nxe4 Bf5 5. Ng3 Bg6 6. h4 h6 7. Nf3 Nd7 8. h5
Bh7 9. Bd3 Bxd3 10. Qxd3 e6 11. Bd2 Ngf6 12. O-O-O Bd6 13. Qe2 O-O 14. Ne5 Qc7
15. Nxd7 Qxd7 16. Rh3 Rad8 17. Kb1 Kh8 18. Bc1 Bc7 19. Qe3 Qd5 20. Ne2 Ng4 21.
Qf3 Qxf3 22. Rxf3 Rd5 23. Rh1 Kh7 24. c4 Rd7 25. Rh4 Nf6 26. Nc3 Rfd8 27. Ne4
Nxe4 28. Rxe4 Kg8 29. Be3 b5 30. c5 Rd5 31. g4 R8d7 32. Kc2 Kh8 33. Rh3 Bd8 34.
f4 Bf6 35. b4 Bxd4 36. Bxd4 Rxd4 37. Rhe3 Rd2+ 38. Kb3 Rg2 39. f5 exf5 40. gxf5
Rgd2 41. Rf4 Rh2 42. f6 Rxh5 43. Kc3 g6 44. Rff3 Rhd5 45. Re7 Kh7 46. Rfe3 g5
47. Rxd7 Rxd7 48. Re7 Rd5 49. Rxf7+ Kg6 50. Rxa7 Rf5 51. a4 bxa4 52. Rxa4 Rxf6
53. Ra5 g4 54. b5 cxb5 55. Rxb5 g3 56. Rb1 Kg5 57. Kd4 Kg4 58. Ke5 Rf8 59. c6
g2 60. c7 Kg3 61. Rb3+ 0-1

[Event "Druzynowe Mistrzostwa Polski Juniorow - I liga"]
[Site "Suchedniow"]
[Date "1899-12-30"]
[Round "3.18"]
[White "Gaj, Magdalena"]
[Black "Pawicka, Magdalena"]
[Result "0-1"]
[WhiteTitle "I"]
[BlackTitle "I"]
[WhiteElo "1272"]
[BlackElo "1600"]

1. d4 d5 2. f4 Nf6 3. e3 e6 4. c3 Be7 5. Nf3 Nbd7 6. Bd3 O-O 7. O-O b6 8. Nbd2
Bb7 9. Ne5 Nxe5 10. fxe5 Nd7 11. Rf3 h6 12. Rg3 Kh8 13. Qh5 c5 14. Rg6 fxg6 15.
Qxg6 Rf5 16. g4 Nf8 17. Bxf5 Nxg6 18. Bxg6 Bh4 0-1

[Event "Druzynowe Mistrzostwa Polski Juniorow - I liga"]
[Site "Suchedniow"]
[Date "1899-12-30"]
[Round "3.19"]
[White "Mockun, Dawid"]
[Black "Januszkiewicz, Wojciech"]
[Result "0-1"]
[WhiteTitle "I"]
[BlackTitle "I++"]
[WhiteElo "2061"]
[BlackElo "1965"]

1. d4 Nf6 2. Nf3 e6 3. e3 c5 4. Bd3 b6 5. O-O Bb7 6. Nbd2 Be7 7. Qe2 d5 8. c3 Nc6
9. Ne5 Qc7 10. f4 g6 11. a3 Nd7 12. Kh1 f5 13. Nxd7 Qxd7 14. dxc5 bxc5 15. c4
O-O 16. b3 Bf6 17. Rb1 Rad8 18. Nf3 Rfe8 19. Bb2 d4 20. exd4 Bxd4 21. Bxd4 Nxd4
22. Nxd4 Qxd4 23. Rbd1 Qc3 24. Bc2 Rd4 25. Rd3 Qb2 26. Re3 Red8 27. Bd3 Qxe2 28.
Bxe2 Kf7 29. b4 Kf6 30. h3 Re4 31. Rxe4 fxe4 32. bxc5 Rd2 33. Re1 Kf5 34. Bg4+
Kxf4 35. Bxe6 e3 36. Bd5 Bxd5 37. cxd5 Rxd5 38. c6 Rc5 39. g3+ Kf3 40. Kh2 Kf2
41. Ra1 Rxc6 42. Ra2+ e2 43. a4 Kf1 0-1

[Event "Druzynowe Mistrzostwa Polski Juniorow - I liga"]
[Site "Suchedniow"]
[Date "1899-12-30"]
[Round "3.20"]
[White "Grzesik, Gracjan"]
[Black "Buraczewski, Rafal"]
[Result "0-1"]
[WhiteTitle "I"]
[BlackTitle "I++"]
[WhiteElo "1840"]
[BlackElo "2020"]

1. e4 e6 2. d4 d5 3. Nc3 Nf6 4. e5 Nfd7 5. f4 c5 6. Nf3 Nc6 7. Be3 a6 8. Qd2 b5
9. dxc5 Bxc5 10. Bxc5 Nxc5 11. Qf2 Qb6 12. Bd3 b4 13. Ne2 a5 14. O-O Ba6 15. Kh1
Na4 16. b3 Qxf2 17. Rxf2 Nc5 18. Rd1 Ke7 19. Ng3 g6 20. Rfd2 Rhc8 21. Bxa6 Rxa6
22. Kg1 Na7 23. Nd4 Rb6 24. Kf2 Nb5 25. Nxb5 Rxb5 26. Rc1 Na6 27. Ne2 Nc5 28.
Ng3 h5 29. h4 Na6 30. Ne2 Rb7 31. Ke3 Rbc7 32. Kd4 Nc5 33. Ng3 Rc6 34. c4 a4 35.
Rb2 axb3 36. axb3 dxc4 37. bxc4 Rd8+ 38. Ke3 Nd3 39. Rcc2 Nxb2 40. Rxb2 Rxc4 41.
Ne4 Rb8 42. Kd3 Rc7 43. Kd4 b3 44. Kd3 Rb4 45. g3 Rc2 46. Rxb3 Rxb3+ 47. Kxc2
Re3 48. Ng5 Rxg3 49. Kd2 Rg4 50. Ke3 Rxh4 51. Nf3 Rh3 52. Kf2 Rxf3+ 53. Kxf3 Kd7
54. Kg3 Kc6 55. Kh4 Kd5 56. Kg5 Ke4 57. Kh4 Kxf4 58. Kh3 g5 0-1

[Event "Druzynowe Mistrzostwa Polski Juniorow - I liga"]
[Site "Suchedniow"]
[Date "1899-12-30"]
[Round "3.21"]
[White "Rudzinska, Michalina"]
[Black "Luczak, Filip"]
[Result "1-0"]
[WhiteTitle "I++"]
[BlackTitle "I"]
[WhiteElo "1823"]
[BlackElo "1730"]

1. e4 c5 2. Nf3 d6 3. d4 Nf6 4. Nc3 cxd4 5. Nxd4 a6 6. f3 e5 7. Nb3 Be6 8. Be3
Be7 9. Qd2 Nbd7 10. O-O-O b5 11. g4 O-O 12. Rg1 b4 13. Nd5 Bxd5 14. exd5 a5 15.
Kb1 Nb6 16. Bxb6 Qxb6 17. Rg3 a4 18. Nc1 a3 19. b3 Rfc8 20. Bc4 Nd7 21. Rh3 Nc5
22. Ne2 Bf8 23. g5 g6 24. Qe1 Bg7 25. Qh4 Kf8 26. Rf1 Ke7 27. f4 Ne4 28. Rd3 Rxc4
29. Qxh7 Rcc8 30. fxe5 Rg8 31. Nd4 Nc3+ 32. Kc1 Nxd5 33. e6 Raf8 34. exf7 Rxf7
35. Rxf7+ Kxf7 36. Rf3+ Ke7 37. Qxg8 Bxd4 38. Rf7+ Ke6 39. Rb7+ Ke5 40. Rxb6 Bb2+
41. Kd1 Nxb6 42. Qxg6 Nd5 43. Qe8+ Kf5 44. Qf7+ Ke4 45. Qe6+ Be5 46. g6 Nc3+ 47.
Ke1 Nxa2 48. g7 Nc3 49. g8=Q a2 50. Qgg6+ Kd4 51. Qc4+ Ke3 52. Qgd3# 1-0

[Event "Druzynowe Mistrzostwa Polski Juniorow - I liga"]
[Site "Suchedniow"]
[Date "1899-12-30"]
[Round "3.22"]
[White "Wolaniecki, Patryk"]
[Black "Wierzbicki, Michal"]
[Result "0-1"]
[WhiteTitle "I"]
[BlackTitle "I"]
[WhiteElo "1659"]
[BlackElo "1712"]

1. e4 e6 2. d4 d5 3. Nc3 Nf6 4. Bg5 Be7 5. e5 Nfd7 6. Bxe7 Qxe7 7. f4 a6 8. Nf3
c5 9. Qd2 Nc6 10. O-O-O c4 11. f5 b5 12. g4 Nb6 13. Qf4 b4 14. Ne2 Qc7 15. Qg5
Rg8 16. Qh5 h6 17. Nf4 Nd8 18. Bh3 b3 19. axb3 cxb3 20. c3 Na4 21. Rd3 Qa5 22.
fxe6 Bxe6 23. c4 dxc4 24. d5 cxd3 25. Nxe6 Rc8+ 26. Kb1 Nc3+ 27. bxc3 Qa2+ 28.
Kc1 Qc2# 0-1

[Event "Druzynowe Mistrzostwa Polski Juniorow - I liga"]
[Site "Suchedniow"]
[Date "1899-12-30"]
[Round "3.23"]
[White "Murawko, Julia"]
[Black "Trembowiecka-wysota, Aleksandra"]
[Result "1-0"]
[WhiteTitle "I++"]
[BlackTitle "I"]
[WhiteElo "1792"]
[BlackElo "1493"]

1. d4 Nf6 2. Nc3 d5 3. Bg5 e6 4. e4 dxe4 5. Nxe4 Be7 6. Bxf6 Bxf6 7. c3 O-O 8.
Nf3 Nc6 9. Bd3 Be7 10. O-O f5 11. Ned2 e5 12. Bc4+ Kh8 13. Nxe5 Nxe5 14. dxe5
f4 15. h3 Qe8 16. Bd3 Bd7 17. Be4 Bc6 18. Re1 Rd8 19. Qc2 Bxe4 20. Rxe4 Qg6 21.
Nf3 Rde8 22. Qe2 Rf5 23. Qc4 Rh5 24. Rxf4 Rxh3 25. Rg4 Qh6 26. gxh3 Qxh3 27. Rg3
Qh5 28. Qg4 Qf7 29. Ng5 Bxg5 30. Qxg5 h6 31. Qg6 Qxg6 32. Rxg6 Rxe5 33. Kf1 Kh7
34. Rg3 g5 35. Rd1 Rc5 36. Re3 h5 37. Re6 Kg7 38. Rd7+ Kf8 39. Ree7 Rb5 40. Rh7
1-0

[Event "Druzynowe Mistrzostwa Polski Juniorow - I liga"]
[Site "Suchedniow"]
[Date "1899-12-30"]
[Round "3.24"]
[White "Bienko, Jagoda"]
[Black "Wolagiewicz, Kinga"]
[Result "0-1"]
[WhiteTitle "I"]
[BlackTitle "I"]
[WhiteElo "1384"]
[BlackElo "1579"]

1. d4 d5 2. c4 e6 3. Nc3 Nf6 4. Bg5 Be7 5. cxd5 exd5 6. Qc2 O-O 7. e3 Re8 8. Bd3
Nbd7 9. Nf3 Nf8 10. O-O c6 11. Rab1 g6 12. b4 a6 13. h3 Ne6 14. Bh4 Ng7 15. Bg3
Bf5 16. Rfd1 Bxd3 17. Qxd3 Nf5 18. Bf4 Nh5 19. Ne2 Nxf4 20. Nxf4 Bd6 21. Ne2 Nh4
22. Nxh4 Qxh4 23. Rf1 Re6 24. a3 Rae8 25. Nc3 Rf6 26. Rbe1 Rfe6 27. Qd2 g5 28.
Qd1 h5 29. g3 Qxh3 30. Qf3 h4 31. Qh5 Rg6 32. Ne2 Qf5 33. Kg2 Qe4+ 34. Kh2 hxg3+
35. Nxg3 Qh4+ 36. Kg2 Bxg3 0-1

[Event "Druzynowe Mistrzostwa Polski Juniorow - I liga"]
[Site "Suchedniow"]
[Date "1899-12-30"]
[Round "3.25"]
[White "Bilczewski, Kacper"]
[Black "Niekras, Dawid"]
[Result "0-1"]
[WhiteTitle "I"]
[BlackTitle "k"]
[WhiteElo "2092"]
[BlackElo "2255"]

1. e4 c5 2. c3 d5 3. exd5 Qxd5 4. d4 Nf6 5. Nf3 Bg4 6. Be2 e6 7. h3 Bh5 8. O-O
Nc6 9. Be3 cxd4 10. cxd4 Be7 11. Nc3 Qd6 12. Qb3 O-O 13. Rfd1 Rfd8 14. a3 a6 15.
Rac1 b5 16. d5 Na5 17. Qa2 Nxd5 18. Nxd5 exd5 19. Bc5 Qf6 20. Rxd5 Bxf3 21. Bxf3
Nc4 22. b3 Ne5 23. Rxe5 Qxe5 24. Bxe7 Rac8 25. Bg5 Rxc1+ 26. Bxc1 Qe1+ 27. Kh2
Qxc1 28. b4 Qf4+ 29. Kg1 Qc1+ 30. Kh2 Rd2 31. Qb3 Qc7+ 32. Kg1 Rc2 33. g3 Qc3
34. Qd5 Qe1+ 35. Kh2 Qxf2+ 36. Bg2 g6 37. Qb7 Kg7 38. Qd5 Qxg2+ 39. Qxg2 Rxg2+
40. Kxg2 Kf6 41. Kf3 Ke5 42. Ke3 h5 0-1

[Event "Druzynowe Mistrzostwa Polski Juniorow - I liga"]
[Site "Suchedniow"]
[Date "1899-12-30"]
[Round "3.27"]
[White "Ochowicz, Jakub"]
[Black "Zabrzanska, Weronika"]
[Result "1-0"]
[WhiteTitle "I++"]
[BlackTitle "I"]
[WhiteElo "2069"]
[BlackElo "1479"]

1. e4 e5 2. Nf3 Nc6 3. Bb5 a6 4. Bxc6 dxc6 5. O-O Qf6 6. d3 Bg4 7. Be3 Bxf3 8.
Qxf3 Qxf3 9. gxf3 Ne7 10. f4 Ng6 11. f5 Nf4 12. Nc3 f6 13. Bxf4 exf4 14. Ne2 Bd6
15. f3 g5 16. h4 h6 17. Kg2 O-O-O 18. h5 c5 19. Nc3 c6 20. Nd1 Be5 21. Rb1 Bd4
22. Re1 b5 23. c3 Be5 24. Nf2 b4 25. Red1 bxc3 26. bxc3 Bxc3 27. Rb6 Bd4 28. Ng4
Kc7 29. Rdb1 a5 30. Rb7+ Kd6 31. a4 Rdf8 32. Kf1 c4 33. dxc4 Kc5 34. Ke2 Kd6 35.
c5+ Kxc5 36. Rc1+ Kd6 37. Kd3 c5 38. Rcb1 Rc8 39. Kc4 Be5 40. R1b5 Bd4 41. R7b6+
Rc6 42. Rxc6+ Kxc6 43. Rxa5 Kb6 44. Rb5+ Ka6 45. Rb1 Ka5 46. Rb7 Ka6 47. Rb5 Ka7
48. Rxc5 Bxc5 49. Kxc5 Ka6 50. Nxf6 Rc8+ 51. Kd6 Rb8 52. Ng4 Rb6+ 53. Ke7 Rb7+
54. Ke6 Rb6+ 55. Ke5 Ka5 56. f6 Kxa4 57. f7 Rb5+ 58. Kf6 Rb6+ 59. Kg7 Rb7 60.
Kg8 Rb8+ 61. f8=Q Rxf8+ 62. Kxf8 1-0

[Event "Druzynowe Mistrzostwa Polski Juniorow - I liga"]
[Site "Suchedniow"]
[Date "1899-12-30"]
[Round "3.28"]
[White "Wikar, Martyna"]
[Black "Polczyk, Mikolaj"]
[Result "1-0"]
[WhiteTitle "I++"]
[BlackTitle "I"]
[WhiteElo "1759"]
[BlackElo "1855"]

1. e4 e6 2. d4 d5 3. Nc3 Nf6 4. e5 Nfd7 5. f4 c5 6. Nf3 Nc6 7. Be3 Qb6 8. a3 c4
9. Rb1 Be7 10. Be2 a6 11. O-O O-O 12. Qd2 f6 13. Kh1 Qd8 14. exf6 Nxf6 15. Ne5
Bd7 16. Bf3 Be8 17. g4 Nxe5 18. fxe5 Nd7 19. g5 Nb6 20. Bg4 Qd7 21. Rxf8+ Bxf8
22. Rf1 Bg6 23. h4 Be4+ 24. Nxe4 dxe4 25. Qg2 c3 26. bxc3 Rc8 27. Qxe4 Rxc3 28.
Bd2 Rc8 29. g6 h6 30. Rf7 Qc6 31. Qxc6 Rxc6 32. Rxb7 Nd5 33. c4 Ne7 34. h5 Nc8
35. c5 Ne7 36. Rb8 Nd5 37. Re8 Ne7 38. Ba5 Nf5 39. Bxf5 exf5 40. Kg2 1-0

[Event "Druzynowe Mistrzostwa Polski Juniorow - I liga"]
[Site "Suchedniow"]
[Date "1899-12-30"]
[Round "3.29"]
[White "Stebel, Agata"]
[Black "Leczek, Weronika"]
[Result "0-1"]
[WhiteTitle "k"]
[BlackTitle "I++"]
[WhiteElo "1791"]
[BlackElo "1668"]

1. d4 d5 2. c4 c6 3. Nc3 e6 4. e4 dxe4 5. Nxe4 Nd7 6. Nf3 Ngf6 7. Nc3 Be7 8. Bf4
Nb6 9. Bd3 O-O 10. Qe2 Bd7 11. O-O c5 12. Rad1 cxd4 13. Nxd4 Kh8 14. Bb1 Rc8 15.
b3 Re8 16. Ne4 Nxe4 17. Qxe4 f5 18. Qxb7 Bc5 19. Be5 Qg5 20. f4 Qg6 21. Qf3 Bc6
22. Qg3 Qxg3 23. hxg3 Nd7 24. Kh2 Nxe5 25. fxe5 Bb7 26. Nb5 Re7 27. Nd6 Rb8 28.
Bd3 Bc6 29. Be2 g6 30. Bf3 Be8 31. Rd3 g5 32. g4 Bg6 33. Rdd1 Be3 34. Rfe1 f4
35. Be4 Kg7 36. Bxg6 Kxg6 37. Ne4 h5 38. gxh5+ Kxh5 39. g3 Rh8 40. Kg2 Kg4 41.
Rh1 f3+ 0-1

[Event "Druzynowe Mistrzostwa Polski Juniorow - I liga"]
[Site "Suchedniow"]
[Date "1899-12-30"]
[Round "3.30"]
[White "Slusarczyk, Milena"]
[Black "Bilczewska, Olga"]
[Result "1/2-1/2"]
[WhiteTitle "I"]
[BlackTitle "I"]
[WhiteElo "1444"]
[BlackElo "1520"]

1. e4 c5 2. Nf3 Nc6 3. d4 cxd4 4. Nxd4 Nf6 5. Nc3 e6 6. Ndb5 Bb4 7. Bg5 h6 8. Bxf6
Qxf6 9. a3 Bxc3+ 10. Nxc3 O-O 11. Bd3 Rd8 12. O-O d5 13. exd5 exd5 14. Re1 Be6
15. Qd2 Rac8 16. Rad1 Ne5 17. Be2 a6 18. Qd4 Qf5 19. Bd3 Nxd3 20. Qxd3 Qg5 21.
Qe3 Qg6 22. Qe2 d4 23. Ne4 Bf5 24. f3 Qb6 25. Qf2 Qxb2 26. Rb1 Qxc2 27. Qxc2 Rxc2
28. Rxb7 Bxe4 29. fxe4 d3 30. Rd1 Rc4 31. Rb4 Rc3 32. a4 a5 33. Rb5 Rc4 34. Rxa5
Rxe4 35. Rd2 Rf4 36. g3 Re4 37. Kf2 Kf8 38. Ra7 g6 39. a5 Re6 40. Rb7 Ra6 41.
Rb5 Ke7 42. Ke3 Re6+ 43. Kf2 Rdd6 44. Rb7+ Kf6 45. Rb5 h5 46. h4 Kg7 47. Rb3 Rd5
48. Ra3 Rf5+ 49. Kg1 Re1+ 50. Kg2 Re2+ 51. Rxe2 dxe2 52. Re3 Rxa5 53. Rxe2 Kf6
54. Rf2+ Rf5 55. Re2 g5 56. Re4 g4 57. Re2 Rf3 58. Ra2 Ke6 59. Ra6+ Ke7 60. Ra7+
Kf6 61. Ra6+ Kg7 62. Ra5 Kg6 63. Rg5+ Kh6 64. Rg8 Rf5 65. Rh8+ Kg7 66. Ra8 Kg6
67. Ra6+ Rf6 68. Ra5 Rf5 69. Ra6+ Kg7 70. Ra7 Kf6 71. Ra6+ Ke5 72. Ra5+ Ke4 73.
Ra4+ Kd3 74. Ra3+ Ke4 75. Ra4+ Ke5 76. Ra5+ Kf6 77. Ra6+ Kg7 78. Ra7 Kg6 79. Ra6+
f6 80. Ra7 Rf3 81. Ra5 Rf5 82. Ra7 Re5 83. Ra6 Kf5 84. Ra4 Kg6 85. Ra6 1/2-1/2

[Event "Druzynowe Mistrzostwa Polski Juniorow - I liga"]
[Site "Suchedniow"]
[Date "1899-12-30"]
[Round "4.1"]
[White "Pilzak, Marcin"]
[Black "Niekras, Dawid"]
[Result "1/2-1/2"]
[WhiteTitle "k"]
[BlackTitle "k"]
[WhiteElo "2010"]
[BlackElo "2255"]

1. e4 c5 2. Nf3 d6 3. Bb5+ Bd7 4. Bxd7+ Qxd7 5. c4 Nf6 6. Nc3 g6 7. d4 cxd4 8.
Nxd4 Bg7 9. f3 O-O 10. Be3 Nc6 11. O-O Rfc8 12. b3 Rab8 13. Rc1 a6 14. a4 Qd8
15. Qd2 Nd7 16. Rfd1 Nc5 17. Rb1 Ne5 18. Nd5 e6 19. Nc3 Qe7 20. h3 Rd8 21. Nde2
f5 22. f4 Nf7 23. exf5 gxf5 24. Bd4 Bf6 25. Ng3 Bxd4+ 26. Qxd4 Qh4 27. Kh2 Nh6
28. Nce2 Ng4+ 29. Kg1 Nf6 30. Qe3 Nce4 31. Nxe4 Nxe4 32. Rd3 Kf7 33. Nc3 Nxc3
34. Rxc3 Qe7 35. Rd3 Rbc8 36. Rbd1 Rc6 37. Qe2 Qf6 38. R1d2 Ke7 39. Rd4 Qg6 40.
b4 Qf6 41. Qd3 Kf7 42. Kh2 Qe7 43. c5 d5 44. a5 Rg8 45. Qf3 Qf6 46. g3 Qe7 1/2-1/2

[Event "Druzynowe Mistrzostwa Polski Juniorow - I liga"]
[Site "Suchedniow"]
[Date "1899-12-30"]
[Round "4.2"]
[White "Planeta, Wojciech"]
[Black "Dembinski, Bartosz"]
[Result "1-0"]
[WhiteTitle "I+"]
[BlackTitle "II"]
[WhiteElo "1726"]
[BlackElo "1456"]

1. e4 e5 2. Nc3 Nf6 3. Bc4 Nc6 4. d3 h6 5. Nf3 Bc5 6. O-O d6 7. h3 Be6 8. Bb3 O-O
9. Be3 Bb6 10. d4 exd4 11. Nxd4 Nxd4 12. Bxd4 Bxd4 13. Qxd4 Qd7 14. Rad1 Rfd8
15. Rfe1 Bxb3 16. axb3 Qc6 17. Re3 Qc5 18. Qxc5 dxc5 19. Rxd8+ Rxd8 20. e5 Nd5
21. Rd3 c6 22. f4 b6 23. g3 Kf8 24. Ne4 Ke7 25. c3 Rd7 26. Kf2 Ke6 27. Kf3 Ne7
28. Rxd7 Kxd7 29. Nd6 Ke6 30. Ke4 Nd5 31. Nf5 g5 32. Nxh6 gxf4 33. gxf4 b5 34.
f5+ Ke7 35. Ng4 a5 36. Ne3 Nb4 37. cxb4 cxb4 38. Nc2 a4 39. Nxb4 c5 40. Nd5+ 1-0

[Event "Druzynowe Mistrzostwa Polski Juniorow - I liga"]
[Site "Suchedniow"]
[Date "1899-12-30"]
[Round "4.3"]
[White "Chrost, Hugo"]
[Black "Zabrzanska, Weronika"]
[Result "0-1"]
[WhiteTitle "II"]
[BlackTitle "I"]
[WhiteElo "1395"]
[BlackElo "1479"]

1. e4 e5 2. Nf3 Nc6 3. Bc4 Bc5 4. d3 Nf6 5. Bg5 d6 6. h3 a6 7. Nc3 h6 8. Bh4 Be6
9. Bb3 Ba7 10. Nd5 Bxd5 11. Bxd5 Nb4 12. Bxb7 Rb8 13. c3 Rxb7 14. Qa4+ Qd7 15.
Qxd7+ Nxd7 16. cxb4 Rxb4 17. b3 Nc5 18. Ke2 Ne6 19. Bg3 O-O 20. Rac1 a5 21. Rc2
f5 22. exf5 Rxf5 23. Rhc1 Rxf3 24. gxf3 Nd4+ 25. Kd2 Nxc2 26. Rxc2 Bc5 27. Bxe5
Bxf2 28. Bc3 Rb5 29. d4 Kf7 30. Ke2 Bh4 31. Be1 Bd8 32. Kd3 Ke6 33. Re2+ Kd7 34.
Ke4 d5+ 35. Kf5 Bf6 36. Bc3 Rb8 37. Rc2 Rf8 38. Kg4 Ra8 39. Bb2 a4 40. b4 a3 41.
Bc3 Rb8 42. Kg3 Be7 43. Rc1 Bxb4 44. Bxb4 Rxb4 45. Rc3 Rxd4 46. Rxa3 Rb4 47. Ra5
Kd6 48. Ra6+ Rb6 49. Ra8 d4 50. f4 Kc5 51. a4 Kc4 52. a5 Rb5 53. Ra7 Rc5 54. a6
Kb5 55. Ra8 Kb6 56. a7 g5 57. fxg5 hxg5 58. Rd8 Kxa7 59. Rxd4 Kb6 60. h4 gxh4+
61. Kxh4 Re5 62. Kg3 c5 63. Rd8 Kb5 64. Rb8+ Kc4 65. Kf3 Kc3 66. Rb5 Kc4 67. Rb8
Re6 68. Rb7 Kc3 69. Rb8 c4 70. Kf2 Kc2 71. Rb7 c3 72. Rb8 Kc1 73. Rb7 c2 74. Rb8
Ra6 75. Ke2 Ra2 76. Kd3 Rb2 0-1

[Event "Druzynowe Mistrzostwa Polski Juniorow - I liga"]
[Site "Suchedniow"]
[Date "1899-12-30"]
[Round "4.5"]
[White "Kostecka, Marika"]
[Black "Leczek, Weronika"]
[Result "0-1"]
[WhiteTitle "I++"]
[BlackTitle "I++"]
[WhiteElo "1693"]
[BlackElo "1668"]

1. e4 c5 2. Nf3 Nc6 3. d4 cxd4 4. Nxd4 Nf6 5. Nc3 d6 6. Bg5 e6 7. Qd2 a6 8. f3
Bd7 9. O-O-O b5 10. Kb1 h6 11. Be3 Be7 12. g4 Ne5 13. h4 Rb8 14. b3 b4 15. Nce2
d5 16. Bg2 dxe4 17. g5 Nd5 18. gxh6 gxh6 19. Bxh6 Nc3+ 20. Nxc3 bxc3 21. Qf4 Ng6
22. Qe3 Bc5 23. h5 Nh4 24. Bh3 Bxd4 25. Rxd4 Nxf3 26. Qxe4 Nxd4 27. Bg7 Nxb3 28.
axb3 Rxh5 29. Bxc3 Qc7 30. Bf6 Qg3 31. Bg4 Rxh1+ 32. Qxh1 Bb5 33. Qh8+ Kd7 34.
Qg7 Kc6 35. Be5 Qe1+ 36. Kb2 Rc8 37. Bf3+ Kb6 38. Bd4+ Ka5 39. Qg2 Bd3 40. c3
Qb1+ 41. Ka3 Qa1+ 42. Qa2 Qxa2+ 43. Kxa2 Kb5 44. c4+ Kb4 45. Kb2 f5 46. Bc3+ Kc5
47. Bb7 Rg8 48. Bxa6 Rg2+ 49. Ka3 f4 50. b4+ Kb6 51. Bb5 f3 52. Bd4+ Kc7 53. Ka4
f2 54. Bxf2 Rxf2 55. Kb3 e5 56. Be8 e4 57. Bg6 Bc2+ 58. Kc3 e3 59. Bxc2 e2 60.
Kd2 e1=Q+ 61. Kxe1 0-1

[Event "Druzynowe Mistrzostwa Polski Juniorow - I liga"]
[Site "Suchedniow"]
[Date "1899-12-30"]
[Round "4.7"]
[White "Januszkiewicz, Wojciech"]
[Black "Bilczewski, Kacper"]
[Result "1/2-1/2"]
[WhiteTitle "I++"]
[BlackTitle "I"]
[WhiteElo "1965"]
[BlackElo "2092"]

1. e4 d6 2. d4 Nf6 3. Nc3 e5 4. Nf3 Nbd7 5. Bc4 Be7 6. O-O O-O 7. Bb3 c6 8. a4
a5 9. Re1 exd4 10. Nxd4 Nc5 11. h3 Nxb3 12. Nxb3 Nd7 13. f4 Qc7 14. Be3 Rd8 15.
Qe2 Bh4 16. Red1 Nf8 17. Nd4 Bf6 18. Qf2 Qe7 19. Re1 Be6 20. Rad1 Bh4 21. g3 Bf6
22. Kh2 Bxd4 23. Bxd4 f6 24. Rd2 Qd7 25. f5 Bf7 26. Qf4 Qe7 27. Bb6 Rd7 28. Kg1
c5 29. Red1 g5 30. fxg6 Nxg6 31. Qf5 Be6 32. Nd5 Bxf5 33. Nxe7+ Nxe7 34. exf5
Nxf5 35. Bxc5 Rc8 36. Bxd6 Nxd6 37. Rxd6 Rxd6 38. Rxd6 Rxc2 39. Rb6 Kg7 40. Rxb7+
Kg6 41. Rb5 Rd2 42. g4 Rc2 43. b3 Rb2 44. Rxa5 Rxb3 45. Kg2 Ra3 46. h4 Kg7 47.
Ra7+ Kg6 48. Ra8 Kg7 49. a5 Kg6 50. a6 Kh6 51. a7 Kg7 52. Kf2 Ra2+ 53. Kf3 Ra3+
54. Kf4 Ra4+ 55. Kf3 Ra3+ 56. Kf4 Ra4+ 57. Kf3 1/2-1/2

[Event "Druzynowe Mistrzostwa Polski Juniorow - I liga"]
[Site "Suchedniow"]
[Date "1899-12-30"]
[Round "4.9"]
[White "Luczak, Filip"]
[Black "Ochowicz, Jakub"]
[Result "1/2-1/2"]
[WhiteTitle "I"]
[BlackTitle "I++"]
[WhiteElo "1730"]
[BlackElo "2069"]

1. e4 c5 2. Nf3 d6 3. d4 cxd4 4. Nxd4 Nf6 5. Nc3 Nc6 6. Bc4 e6 7. Bb3 Be7 8. Be3
O-O 9. O-O e5 10. Nf5 Be6 11. Bg5 Bxf5 12. exf5 Nd4 13. Bxf6 Bxf6 14. Bd5 Rb8
15. Be4 g6 16. fxg6 hxg6 17. f4 Kg7 18. f5 Qb6 19. Kh1 g5 20. Nd5 Qxb2 21. Rb1
Qxa2 22. c3 Qe2 23. Qxe2 Nxe2 24. g3 Rfc8 25. Rf3 Rc4 26. Re3 Nf4 27. gxf4 exf4
28. Re2 Bxc3 29. Nxc3 Rxc3 30. Rxb7 Rxb7 31. Bxb7 Kf6 32. Be4 f3 33. Re1 g4 34.
Rf1 Ke5 35. Bb1 Kf4 36. f6 Ke3 37. Ba2 Rc7 38. Bd5 Ke2 39. Kg1 Rc5 40. Bxf7 Rf5
41. Bc4+ 1/2-1/2

[Event "Druzynowe Mistrzostwa Polski Juniorow - I liga"]
[Site "Suchedniow"]
[Date "1899-12-30"]
[Round "4.10"]
[White "Polczyk, Mikolaj"]
[Black "Wolaniecki, Patryk"]
[Result "1-0"]
[WhiteTitle "I"]
[BlackTitle "I"]
[WhiteElo "1855"]
[BlackElo "1659"]

1. e4 c5 2. Nf3 Nc6 3. d4 cxd4 4. Nxd4 Nf6 5. Nc3 e6 6. Ndb5 d6 7. Bf4 e5 8. Bg5
a6 9. Na3 b5 10. Bxf6 gxf6 11. Nd5 Bg7 12. c3 O-O 13. Bd3 Be6 14. Nc2 f5 15. Nce3
f4 16. Nf5 Bxf5 17. exf5 Qg5 18. Be4 Rac8 19. Nb6 Rc7 20. Qxd6 Qe7 21. O-O-O Na5
22. Qxe7 Rxe7 23. f6 Bxf6 24. Nd7 Bg7 25. Nxf8 Bxf8 26. Rd6 Ra7 27. Rd5 f6 28.
Rhd1 Rg7 29. Rd8 Rg5 30. R1d7 1-0

[Event "Druzynowe Mistrzostwa Polski Juniorow - I liga"]
[Site "Suchedniow"]
[Date "1899-12-30"]
[Round "4.11"]
[White "Trembowiecka-wysota, Aleksandra"]
[Black "Stebel, Agata"]
[Result "0-1"]
[WhiteTitle "I"]
[BlackTitle "k"]
[WhiteElo "1493"]
[BlackElo "1791"]

1. e4 c5 2. c3 Nf6 3. e5 Nd5 4. d4 cxd4 5. cxd4 d6 6. exd6 Qxd6 7. Nc3 g6 8. Nf3
Bg7 9. Bc4 Nxc3 10. bxc3 O-O 11. O-O Nc6 12. Be3 Na5 13. Bb3 Be6 14. Bxe6 Qxe6
15. Re1 Qd5 16. Bf4 e6 17. Be5 Nc4 18. Bxg7 Kxg7 19. Rb1 Rac8 20. Qa4 a6 21. Ne5
Rc7 22. Nxc4 Rxc4 23. Qb3 b5 24. Qa3 Qc6 25. Rec1 Rc8 26. h3 Qb6 27. Qb2 Qd6 28.
g3 R8c6 29. h4 Qf8 30. Qd2 h5 31. Kh2 Qc8 32. Rb3 b4 33. Qf4 Rc7 34. Qe5+ Kh7
35. d5 exd5 36. Qxd5 Qh8 37. Qd6 bxc3 38. Rc2 Qc8 39. Rb1 Qf5 40. Rbc1 R7c6 41.
Qd1 Qc5 42. Qf3 Kg7 43. Rd1 Rf6 44. Qe2 Rb4 45. Rd3 Rc4 46. Rd1 a5 47. Kg1 a4
48. Kh2 a3 49. Rd3 Rb6 50. Qd1 Rb2 51. Rd5 Qc7 52. Kh3 Qc8+ 53. Kg2 Qc6 54. Kh2
Rxc2 55. Qxc2 Qxd5 0-1

[Event "Druzynowe Mistrzostwa Polski Juniorow - I liga"]
[Site "Suchedniow"]
[Date "1899-12-30"]
[Round "4.12"]
[White "Bilczewska, Olga"]
[Black "Bienko, Jagoda"]
[Result "1-0"]
[WhiteTitle "I"]
[BlackTitle "I"]
[WhiteElo "1520"]
[BlackElo "1384"]

1. e4 c5 2. c3 d5 3. exd5 Qxd5 4. d4 Nc6 5. Nf3 Bg4 6. Be2 e6 7. O-O cxd4 8. cxd4
Nf6 9. Nc3 Qd8 10. Be3 Be7 11. Qb3 Qc7 12. Rfd1 Rd8 13. Rac1 Nd5 14. Nxd5 exd5
15. h3 Be6 16. Ne5 f6 17. Nxc6 bxc6 18. Rxc6 Qxc6 19. Bb5 Qd7 20. Bxd7+ Rxd7 21.
Rc1 O-O 22. Rc6 Bf7 23. Ra6 Rc8 24. Bf4 Ra8 25. Qg3 Rc8 26. Qb3 Ra8 27. Bb8 Bd8
28. Bd6 Be7 29. Bxe7 Rxe7 30. Qc3 Rd7 31. Qc5 Rb7 32. b4 h6 33. a4 Rab8 34. b5
Ra8 35. a5 Rab8 36. Rxa7 Rxb5 37. Qc7 Rb1+ 38. Kh2 Rf8 39. a6 Rb4 40. Rb7 Rc4
41. Qe7 Rxd4 42. a7 Re4 43. Qd7 Ree8 44. Qb5 d4 45. Rb8 d3 46. Rxe8 Bxe8 47. Qxd3
Bc6 48. Qc4+ Rf7 49. Qxc6 Rxa7 50. Qc8+ Kh7 51. Qf5+ Kg8 52. Qg6 Ra5 53. Qd3 Ra7
54. Kg3 Kh8 55. Kg4 Ra4+ 56. f4 Ra8 57. Kh5 Rf8 58. Qd6 Ra8 59. Kg6 1-0

[Event "Druzynowe Mistrzostwa Polski Juniorow - I liga"]
[Site "Suchedniow"]
[Date "1899-12-30"]
[Round "4.13"]
[White "Szpar, Milosz"]
[Black "Mockun, Dawid"]
[Result "1-0"]
[WhiteTitle "I++"]
[BlackTitle "I"]
[WhiteElo "2101"]
[BlackElo "2061"]

1. e4 c6 2. d4 g6 3. Nc3 d5 4. Nf3 Bg4 5. Be2 Nf6 6. e5 Ne4 7. O-O Nxc3 8. bxc3
Bg7 9. h3 Bxf3 10. Bxf3 O-O 11. Qe2 e6 12. Bf4 Nd7 13. Qe3 Qa5 14. Rfb1 Rab8 15.
Be2 b5 16. h4 Rfc8 17. h5 c5 18. Qd3 a6 19. g3 Nb6 20. Bd2 Nc4 21. Bg5 Na3 22.
Rc1 cxd4 23. cxd4 Rc3 24. Qd2 Qc7 25. hxg6 hxg6 26. Bd3 Rc8 27. Kg2 Nxc2 28. Bf6
Bxf6 29. exf6 Kf8 30. Rxc2 Rxc2 31. Rh1 Ke8 32. Qb4 Rc5 33. Rh8+ Kd7 34. Rxc8
Kxc8 35. Qxc5 Qxc5 36. dxc5 g5 37. Bg6 1-0

[Event "Druzynowe Mistrzostwa Polski Juniorow - I liga"]
[Site "Suchedniow"]
[Date "1899-12-30"]
[Round "4.14"]
[White "Buraczewski, Rafal"]
[Black "Kozak, Antoni"]
[Result "1-0"]
[WhiteTitle "I++"]
[BlackTitle "I+"]
[WhiteElo "2020"]
[BlackElo "2047"]

1. Nf3 Nf6 2. c4 c5 3. g3 Nc6 4. Bg2 d5 5. cxd5 Nxd5 6. Nc3 Nc7 7. O-O e5 8. d3
Be7 9. Be3 O-O 10. Na4 b6 11. a3 Nd5 12. Bd2 Be6 13. Nc3 f6 14. Qa4 Nd4 15. Nxd4
cxd4 16. Qc6 Nc7 17. Nb5 Rc8 18. Nxc7 Bf7 19. Ne6 Rxc6 20. Nxd8 Rc2 21. Nc6 Bxa3
22. bxa3 Rxd2 23. Bf3 1-0